Każdy kraj w swoim języku urzędowym/ojczystym - Statystyki

Ogólne statystyki
  • Ten quiz został rozwiązany 155 razy
  • Średni wynik to 101 z 196
Statystyki odpowiedzi
Państwo w języku ojczystym Państwo % Poprawnych
Afryka Angola Angola
97%
Afryka Botswana Botswana
92%
Afryka Bénin Benin
91%
Afryka Burkina Faso Burkina Faso
88%
Afryka Burundi Burundi
87%
Afryka Cameroun Kamerun
86%
Afryka Gambia Gambia
75%
Afryka Ghana Ghana
75%
Afryka Kenya Kenia
75%
Afryka Madagasikara Madagaskar
75%
Afryka Liberia Liberia
74%
Afryka Malawi Malawi
73%
Afryka Mali Mali
73%
Afryka Moçambique Mozambik
73%
Afryka Niger Niger
73%
Afryka Nigeria Nigeria
73%
Afryka République démocratique du Congo Demokratyczna Republika Konga
72%
Afryka Sénégal Senegal
72%
Afryka République du Congo Kongo
71%
Afryka Tanzania Tanzania
71%
Afryka Uganda Uganda
71%
Afryka Zambia Zambia
71%
Afryka Zimbabwe Zimbabwe
71%
Afryka Tchad Czad
70%
Afryka Guinée Gwinea
70%
Afryka Lesotho Lesotho
70%
Afryka South Africa Republika Południowej Afryki
70%
Afryka Togo Togo
70%
Ameryka Południowa Argentina Argentyna
69%
Ameryka Południowa Bolivia Boliwia
69%
Ameryka Południowa Brasil Brazylia
69%
Ameryka Południowa Chile Chile
69%
Ameryka Południowa Ecuador Ekwador
69%
Afryka Guinea Ecuatorial Gwinea Równikowa
69%
Ameryka Południowa Colombia Kolumbia
69%
Afryka Namibia Namibia
69%
Ameryka Południowa Paraguay Paragwaj
69%
Ameryka Południowa Perú Peru
69%
Afryka Rwanda Rwanda
69%
Afryka Soomaaliya Somalia
69%
Afryka South Sudan Sudan Południowy
69%
Ameryka Południowa Uruguay Urugwaj
69%
Ameryka Południowa Venezuela Wenezuela
69%
Azja Azərbaycan Azerbejdżan
67%
Afryka eSwatini Eswatini
67%
Azja Pilipinas Filipiny
67%
Azja Indonesia Indonezja
67%
Afryka Sierra Leone Sierra Leone
67%
Azja Singapore Singapur
67%
Azja Türkiye Turcja
67%
Europa Andorra Andora
66%
Europa België Belgia
66%
Afryka Guiné-Bissau Gwinea Bissau
66%
Azja Malaysia Malezja
66%
Azja Turkmenistan Turkmenistan
66%
Europa Bosna i Hercegovina Bośnia i Hercegowina
65%
Europa Česko Czechy
65%
Europa Danmark Dania
65%
Ameryka Południowa Guyana Gujana
65%
Europa España Hiszpania
65%
Europa Deutschland Niemcy
65%
Azja Brunei Brunei
64%
Europa France Francja
64%
Afryka République gabonaise Gabon
64%
Europa Kosova Kosowo
64%
Europa Latvija Łotwa
64%
Europa Portugal Portugalia
64%
Europa Città del Vaticano Watykan
64%
Azja Việt Nam Wietnam
64%
Europa Italia Włochy
64%
Afryka Ertra Erytrea
63%
Europa Nederland Holandia
63%
Europa Lietuva Litwa
63%
Europa Malta Malta
63%
Europa Moldova Mołdawia
63%
Europa Monaca Monako
63%
Europa Polska Polska
63%
Europa San Marino San Marino
63%
Europa United Kingdom Wielka Brytania
63%
Europa Liechtenstein Liechtenstein
62%
Afryka République Centrafricaine Republika Środkowoafrykańska
62%
Europa România Rumunia
62%
Ameryka Południowa Suriname Surinam
62%
Europa Ísland Islandia
61%
Azja Қазақстан Kazachstan
61%
Afryka Sesel Seszele
61%
Europa Slovensko Słowacja
61%
Europa Slovenija Słowenia
61%
Azja Timor-Leste Timor Wschodni
61%
Afryka Jabuuti Dżibuti
60%
Europa Norge Norwegia
60%
Europa Eesti Estonia
59%
Europa Schweiz Szwajcaria
58%
Afryka Côte d'Ivoire Wybrzeże Kości Słoniowej
58%
Afryka São Tomé e Príncipe Wyspy Świętego Tomasza i Książeca
58%
Oceania Australia Australia
57%
Azja Кыргызстан Kirgistan
57%
Europa Россия Rosja
57%
Europa Österreich Austria
56%
Ameryka Północna Barbados Barbados
56%
Ameryka Północna Dominica Dominika
56%
Ameryka Północna Canada Kanada
56%
Ameryka Północna Cuba Kuba
56%
Ameryka Północna United States Stany Zjednoczone
56%
Oceania Tonga Tonga
56%
Ameryka Północna Bahamas Bahamy
55%
Europa Беларусь Białoruś
55%
Ameryka Północna Jamaica Jamajka
55%
Oceania Kiribati Kiribati
55%
Europa Lëtzebuerg Luksemburg
55%
Ameryka Północna México Meksyk
55%
Ameryka Północna Panamá Panama
55%
Oceania Papua New Guinea Papua-Nowa Gwinea
55%
Ameryka Północna El Salvador Salwador
55%
Ameryka Północna Honduras Honduras
54%
Ameryka Północna Costa Rica Kostaryka
54%
Oceania Sāmoa Samoa
54%
Ameryka Północna Belize Belize
53%
Ameryka Północna República Dominicana Dominikana
53%
Ameryka Północna Grenada Grenada
53%
Ameryka Północna Guatemala Gwatemala
53%
Oceania Tuvalu Tuvalu
53%
Europa Україна Ukraina
53%
Oceania Vanuatu Vanuatu
53%
Oceania Solomon Islands Wyspy Salomona
53%
Europa Северна Македонија Macedonia Północna
51%
Azja Тоҷикистон Tadżykistan
51%
Europa Hrvatska Chorwacja
50%
Oceania Federated States of Micronesia Mikronezja
49%
Azja Монгол Улс Mongolia
49%
Ameryka Północna Nicaragua Nikaragua
49%
Afryka Cabo Verde Republika Zielonego Przylądka
49%
Ameryka Północna Saint Lucia Saint Lucia
48%
Ameryka Północna Antigua and Barbuda Antigua i Barbuda
47%
Azja Ўзбекистон Uzbekistan
47%
Europa Magyarország Węgry
47%
Europa Ελλάς Grecja
46%
Azja 조선인민주의 공화국 Korea Północna
46%
Europa Sverige Szwecja
46%
Azja 日本 Japonia
45%
Ameryka Północna Saint Kitts and Nevis Saint Kitts i Nevis
45%
Ameryka Północna Saint Vincent and the Grenadines Saint Vincent i Grenadyny
45%
Europa България Bułgaria
43%
Ameryka Północna Trinidad and Tobago Trynidad i Tobago
43%
Azja 中国 Chiny
42%
Afryka مصر Egipt
40%
Europa Suomi Finlandia
40%
Oceania Naoero Nauru
39%
Europa Србија Serbia
39%
Europa Црна Гора Czarnogóra
36%
Oceania Viti Fidżi
36%
Ameryka Północna Ayiti Haiti
34%
Azja 대한민국 Korea Południowa
34%
Afryka المغرب Maroko
34%
Europa Éire Irlandia
33%
Oceania Belau Palau
32%
Afryka ليبيا Libia
29%
Europa Shqipëria Albania
27%
Azja ישראל Izrael
25%
Azja 臺灣 Tajwan
25%
Afryka تونس Tunezja
25%
Afryka Moris Mauritius
23%
Oceania Aotearoa Nowa Zelandia
23%
Azja الإمارات العربيّة المتّحدة Zjednoczone Emiraty Arabskie
23%
Oceania Aorōkin M̧ajeļ Wyspy Marshalla
22%
Azja المملكة العربية السعودية Arabia Saudyjska
21%
Afryka موريتانيا Mauretania
20%
Afryka السودان Sudan
20%
Azja เมืองไทย Tajlandia
20%
Azja Κύπρος Cypr
19%
Azja عُمان Oman
18%
Azja افغانستان Afganistan
17%
Azja საქართველო Gruzja
17%
Afryka ኢትዮጵያ Etiopia
16%
Azja العراق Irak
16%
Afryka Dzayer Algieria
15%
Azja বাংলাদেশ Bangladesz
15%
Azja ایران Iran
15%
Azja البحرين Bahrajn
14%
Azja الأردن Jordania
14%
Azja قطر Katar
14%
Azja မြန်မာ Mjanma
13%
Azja سورية Syria
13%
Azja اليمن Jemen
12%
Azja دولة الكويت Kuwejt
12%
Afryka جزر القمر Komory
11%
Azja नेपाल Nepal
11%
Azja Հայաստան Armenia
10%
Azja ປະເທດລາວ Laos
10%
Azja لبنان Liban
10%
Azja កម្ពុជា Kambodża
9%
Azja ශ්‍රී ලංකාව Sri Lanka
9%
Azja འབྲུག་ཡུལ Bhutan
8%
Azja ભારત Indie
8%
Azja پاکستان Pakistan
8%
Azja ދިވެހިރާއްޖެ Malediwy
7%
Nie znaleziono quizów pasujących do podanych kryteriów
Rozkład punktacji
Procent ludzi z każdym wynikiem
Percentyl według liczby udzielonych odpowiedzi
Twoja historia wyników
Nie rozwiązałeś tego quizu